| 000 | 00401nam a2200181Ia 4500 | ||
|---|---|---|---|
| 008 | 230512s9999 xx 000 0 und d | ||
| 041 | _aeng | ||
| 082 | _a5.72 | ||
| 100 | _aFARRAN E / SMITH N | ||
| 245 | _aHTML - EXAMPLE BOOK | ||
| 250 | _a1 | ||
| 260 | _bBPB PUBLICATIONS NEW DELHI | ||
| 300 | _a492 | ||
| 365 | _b359 | ||
| 500 | _aPaper Back | ||
| 520 | _aText Book | ||
| 650 | _aComputer | ||
| 999 |
_c414494 _d414494 |
||